| 000 | 00515nam a2200181Ia 4500 | ||
|---|---|---|---|
| 999 |
_c3519 _d3519 |
||
| 003 | GBCCL | ||
| 005 | 20241126110456.0 | ||
| 008 | 171129b xxu||||| |||| 00| 0 eng d | ||
| 040 | _cgbc | ||
| 082 |
_a248.2 _bKAT |
||
| 100 |
_aKatter, Calvin K. _97061 |
||
| 245 |
_aKeys to what a new Christian should know / _cCalvin K. Katter |
||
| 260 |
_bInternational Christian Literature, _aChicago: |
||
| 300 |
_a77p.; _c18 cm. |
||
| 650 |
_aChristian Life _9183 |
||
| 650 |
_aReligious Experience _97062 |
||
| 942 |
_2ddc _cBK _02 |
||